Diet and Immune Function/ (Record no. 31625)

000 -LEADER
fixed length control field 00649nam a2200157 4500
006 - FIXED-LENGTH DATA ELEMENTS--ADDITIONAL MATERIAL CHARACTERISTICS
fixed length control field 230622b |||||||| |||| 00| 0 eng d
007 - PHYSICAL DESCRIPTION FIXED FIELD--GENERAL INFORMATION
fixed length control field 9783039216123
008 - FIXED-LENGTH DATA ELEMENTS--GENERAL INFORMATION
fixed length control field 230622b |||||||| |||| 00| 0 eng d
050 ## - LIBRARY OF CONGRESS CALL NUMBER
Classification number RC 662.4
Item number .D54 2019
245 ## - TITLE STATEMENT
Title Diet and Immune Function/
Statement of responsibility, etc. Edited by lizabeth A Miles, Philip Calder, Caroline E Childs
260 ## - PUBLICATION, DISTRIBUTION, ETC. (IMPRINT)
Place of publication, distribution, etc. [Erscheinungsort nicht ermittelbar] :
Name of publisher, distributor, etc. MDPI - Multidisciplinary Digital Publishing Institute,
Date of publication, distribution, etc. 2019
300 ## - PHYSICAL DESCRIPTION
Extent vii,303p. :
Other physical details ill. ;
Dimensions 27cm
504 ## - BIBLIOGRAPHY, ETC. NOTE
Bibliography, etc Includes Biblio. Ref.
650 ## - SUBJECT ADDED ENTRY--TOPICAL TERM
Topical term or geographic name as entry element Immunologic diseases
Form subdivision Allergy
General subdivision Medicine
942 ## - ADDED ENTRY ELEMENTS (KOHA)
Source of classification or shelving scheme
Koha item type Hard Covered Materials
Classification part RC 662.4 .D54 2019
Holdings
Withdrawn status Lost status Source of classification or shelving scheme Damaged status Not for loan Home library Current library Shelving location Date acquired Source of acquisition Cost, normal purchase price Total Checkouts Full call number Barcode Date last seen Price effective from Koha item type
          MACHAKOS UNIVERSITY LIBRARY MACHAKOS UNIVERSITY LIBRARY Open shelf 16/06/2023 Purchase-Falcon 7995.00   RC 662.4 .D54 2019 39411 22/06/2023 22/06/2023 Hard Covered Materials
© Machakos University Library, Along The Highway, Machakos Wote Rd, Machakos, Kenya P.O. Box 136 - 90100 Machakos - Kenya

Tel: ( +254 ) 723 805829 OR Fax : 044-20353 OR Email: library@mksu.ac.ke